000
00319nam a22001457a 4500
008
221118b ||||| |||| 00| 0 eng d
020
_a
9780521438353
041
_a
eng
080
_a
32
082
_a
32LYO
100
_a
32
101
_a
JURE
245
_a
MORAL ASPECTS OF LEGAL THEORY
_c
LYONS D
942
_2
udc
_c
BK
999
_c
58959
_d
58959